Persatuan agama dengan negara; (Record no. 88820)

MARC details
000 -LEADER
fixed length control field 00792cam a22002531 4500
001 - CONTROL NUMBER
control field sa 68019103
003 - CONTROL NUMBER IDENTIFIER
control field DLC
005 - DATE AND TIME OF LATEST TRANSACTION
control field 20260227112716.0
008 - FIXED-LENGTH DATA ELEMENTS--GENERAL INFORMATION
fixed length control field 720808s1968 xx 000 0 ind
010 ## - LIBRARY OF CONGRESS CONTROL NUMBER
LC control number sa 68019103
035 ## - SYSTEM CONTROL NUMBER
System control number (OCoLC)374918
040 ## - CATALOGING SOURCE
Original cataloging agency DLC
Transcribing agency OAU
Modifying agency DLC
042 ## - AUTHENTICATION CODE
Authentication code premarc
050 00 - LIBRARY OF CONGRESS CALL NUMBER
Classification number BL2110
Item number .N37 1968
100 1# - MAIN ENTRY--PERSONAL NAME
Personal name Natsir, M.,
Dates associated with a name 1908-1993.
245 10 - TITLE STATEMENT
Title Persatuan agama dengan negara;
Remainder of title M. Natsir versus Soekarno,
Statement of responsibility, etc. oleh M. Natsir.
250 ## - EDITION STATEMENT
Edition statement Tjet. 2.
260 ## - PUBLICATION, DISTRIBUTION, ETC.
Place of publication, distribution, etc. Padang,
Name of publisher, distributor, etc. Jajasan Pendidikan Islam,
Date of publication, distribution, etc. 1968.
300 ## - PHYSICAL DESCRIPTION
Extent xiii, 82 p.
Dimensions 20 cm.
500 ## - GENERAL NOTE
General note Cover title: Sebuah dokumen: M. Natsir versus Soekarno.
650 #0 - SUBJECT ADDED ENTRY--TOPICAL TERM
Topical term or geographic name entry element Religion and state
Geographic subdivision Indonesia.
700 0# - ADDED ENTRY--PERSONAL NAME
Personal name Soekarno,
Dates associated with a name 1901-1970.
740 0# - ADDED ENTRY--UNCONTROLLED RELATED/ANALYTICAL TITLE
Uncontrolled related/analytical title Sebuah dokumen: M. Natsir versus Soekarno.

No items available.

Powered by Koha